000 00675nam a22001937a 4500
005 20251108172634.0
008 250721s1995 xx 000 0 ara d
082 1 4 _a028,7/عبد
100 1 _aعبد الهادي، محمد فتحي
245 1 0 _aالمصادر المرجعيه للمعلومات في العلوم الأجتماعيه /
264 1 _aالقاهره :
_bدار غريب للنشر و التوزيع،
_c1995.
300 _a391 ص
650 1 7 _aعلم المكتبات
650 1 7 _aالمكتبات المرجعية
650 1 7 _aالمواد المرجعيه
650 1 7 _aالعلوم الإجتماعية
942 _2ddc
_cBK
999 _c84682
_d84682